| 000 | 00389nam a2200145Ia 4500 | ||
|---|---|---|---|
| 005 | 20250411014213.0 | ||
| 008 | 240331s9999 xx 000 0 und d | ||
| 082 |
_bWIC _a891 |
||
| 100 | _aWickramaarachchi,S | ||
| 245 | 0 |
_aEswarige katha wastuwa _bStory Of Eeshwaree |
|
| 260 |
_aColombo _bDayawansa jayakody & Company _c1996 |
||
| 300 | _a143 p ., | ||
| 650 | _aA Sinhala Novel | ||
| 942 | _cL | ||
| 999 |
_c4943 _d4943 |
||